Bilecik Bilecik Bilecik Bilecik Bilecik

Uluslararası Nasreddin Hoca bilgi şöleni (sempozyumu) bildirileri/ (Record no. 17439)

MARC details
000 -BAŞLIK
Sabit Uzunluktaki Kontrol Alanı 01359nam a22003617a 4500
001 - KONTROL NUMARASI
Control Dosyası 0017482
003 - KONTROL NUMARASI KİMLİĞİ
Kontrol Alanı KOHA_MİRAKIL
005 - EN SON İŞLEM TARİHİ ve ZAMANI
Kontrol Alanı 20260207002142.0
007 - FİZİKSEL TANIM SABİT ALAN - GENEL BİLGİ
Sabit uzunluklu kontrol alanı ta
008 - SABİT UZUNLUKTAKİ VERİ ÖGELERİ - GENEL BİLGİ
Sabit Alan 111229b1997 tu |||grt|||#0|||1|tur |
020 ## - ISBN - ULUSLARARASI STANDART KİTAP NUMARASI
Isbn 9751609763
Kullanılabilirlik koşulları 0,01
040 ## - KATALOGLAMA KAYNAĞI
Özgün Kataloglama Kurumu TR-BiSEU
Kataloglama Dili tur
Çeviri Kurumu TR-BiSEU
Açıklama Kuralları rda
041 0# - DİL KODU
Metin ya da ses kaydının dil kodu tur
044 ## - YAYINLAYAN/ÜRETEN KURULUŞUN ÜLKE KODU
ISO country code tu
050 ## - SINIFLAMA ve YER NUMARASI
Sınıflama Numarası PN6231.N27
Yer Numarası U48 1997
111 2# - TOPLANTI ADI
Toplantı Adı Uluslararası Nasreddin Hoca Bilgi Şöleni (1996 : İzmir)
9 (RLIN) 40603
245 1# - ESER ADI BİLDİRİMİ
Başlık Uluslararası Nasreddin Hoca bilgi şöleni (sempozyumu) bildirileri/
Sorumluluk Bildirimi hazırlayan Alev Kahya Birgül.
264 #1 - ÜRERİM, YAYIN, DAĞITIM ve TELİF BİLDİRİMİ
Yayın yeri Ankara :
Yayınlayan Atatürk Kültür Merkezi Başkanlıǧı
Yayın tarihi 1997
300 ## - FİZİKSEL TANIMLAMA
Sayfa, Cilt vb. XI, 244 sayfa; 24 cm.
336 ## - İÇERİK TÜRÜ
Content type term metin
Content type code txt
Source rdacontent
337 ## - MEDYA TÜRÜ
Media type term aracısız
Media type code n
Source rdamedia
338 ## - TAŞIYICI TÜRÜ
Carrier type term cilt
Carrier type code nc
Source rdacarrier
490 1# - DİZİ BİLDİRİMİ
Dizi Bildirimi Atatürk Kültür, Dil ve Tarih Yüksek Kurumu.
490 1# - DİZİ BİLDİRİMİ
Dizi Bildirimi Atatürk Kültür Merkezi yayını ;
Cilt Numarası 146.
490 1# - DİZİ BİLDİRİMİ
Dizi Bildirimi Kongre ve sempozyum bildirileri dizisi ;
Cilt Numarası 10
650 #0 - KONU BAŞLIĞI EK GİRİŞ - KONU TERİMİ
Konusal terim veya coğrafi ad Nasreddin Hoca (legendary character)--Congresses.
9 (RLIN) 40604
650 #0 - KONU BAŞLIĞI EK GİRİŞ - KONU TERİMİ
Konusal terim veya coğrafi ad Nasreddin Hoca (masal kahramanı)--Kongreler.
9 (RLIN) 40605
830 1# - SERİ EK GİRİŞİ - TEKBİÇİM ESER ADI
Tekbiçim Başlık Atatürk Kültür, Dil ve Tarih Yüksek Kurumu.
9 (RLIN) 6683
830 1# - SERİ EK GİRİŞİ - TEKBİÇİM ESER ADI
Tekbiçim Başlık Atatürk Kültür Merkezi yayını ;
Volume number/sequential designation 146.
9 (RLIN) 6684
830 1# - SERİ EK GİRİŞİ - TEKBİÇİM ESER ADI
Tekbiçim Başlık Kongre ve sempozyum bildirileri dizisi ;
Volume number/sequential designation 10
9 (RLIN) 14596
907 ## - LOCAL DATA ELEMENT G, LDG (RLIN)
a Bildiri
942 ## - EK GİRİŞ ÖGELERİ (KOHA)
Source of classification or shelving scheme Library of Congress Classification
Koha item type Book
Holdings
Materyal Türü Kalıcı Konum Mevcut Konum Raf Yeri Sınıflandırma Kaynağı Edinim Bilgisi Ana Konular Alt Konular Yer Numarası Demirbaş Numarası Fatura Tarihi Geri Çekilme Durumu Kayıp Durumu Hasarlı Durumu Kredi için değil Kayıt Tarih Toplam Ödünçverme Son Görülme Tarihi Son Kontrol Tarihi Genel / Bağış Notu
Book Prof. Dr. Azmi Özcan Kütüphanesi Prof. Dr. Azmi Özcan Kütüphanesi Birûni Salonu Library of Congress Classification Bağış DİL VE EDEBİYAT Edebiyat (Genel) PN6231.N27 U48 1997 0017482 13/08/2010         21/05/2010   07/05/2025 07/05/2025 İİBF
Book Prof. Dr. Azmi Özcan Kütüphanesi Prof. Dr. Azmi Özcan Kütüphanesi Birûni Salonu Library of Congress Classification Bağış DİL VE EDEBİYAT Edebiyat (Genel) PN6231.N27 U48 1997 0034661 02/02/2026         29/12/2011 4 07/05/2025 07/05/2025 YÖK Tez Merkezi